|
|
|
|
| LEADER |
00931nam a2200253 a 4500 |
| 001 |
12867681 |
| 008 |
110113s2003 nyuab b 001 0 eng d |
| 010 |
|
|
|a 2002284841
|
| 020 |
|
|
|a 0471072419 (acid-free paper)
|
| 040 |
|
|
|a DLC
|c DLC
|d DLC
|
| 082 |
0 |
4 |
|a 657
|2 21
|
| 100 |
1 |
|
|a Weygandt, Jerry J.
|
| 245 |
1 |
0 |
|a Financial accounting /
|c Jerry J. Weygandt, Donald E. Kieso, Paul D. Kimmel.
|
| 250 |
|
|
|a 4th ed.
|
| 260 |
|
|
|a New York, NY :
|b Wiley,
|c c2003.
|
| 300 |
|
|
|a 1 v. (various pagings):
|b col. ill., col. maps ;
|c 29 cm.
|
| 504 |
|
|
|a Includes bibliographical references and indexes.
|
| 541 |
1 |
|
|e 00014801
|
| 650 |
|
0 |
|a Accounting.
|
| 700 |
1 |
|
|a Kieso, Donald E.
|
| 700 |
1 |
|
|a Kimmel, Paul D.
|
| 852 |
|
|
|a Ayesha Abed library
|c General Shelf
|
| 999 |
|
|
|c 10305
|d 10305
|
| 952 |
|
|
|0 0
|1 0
|2 ddc
|4 0
|6 657_WEY_200300000000000
|7 0
|9 13814
|a BRACUL
|b BRACUL
|c GEN
|d 2011-01-13
|l 24
|m 165
|o 657 WEY
|p 3010014801
|r 2025-10-14
|s 2025-06-17
|t 1
|w 2011-01-13
|y BK
|